[Event "14th Iraklio's Open"]
[Site "Athens GRE"]
[Date "2011.06.14"]
[Round "4"]
[White "Ignatiadis,K"]
[Black "Koutoukidis,P"]
[Result "1/2-1/2"]
[WhiteElo "2186"]
[BlackElo "2049"]

1.Nf3 Nf6 2.c4 e6 3.Nc3 c5 4.g3 Nc6 5.Bg2 d5 6.cxd5 Nxd5 7.O-O Be7 8.d3 O-O
9.a3 Nc7 10.Bf4 Bd6 11.Bxd6 Qxd6 12.Ne4 Qe7 13.Rc1 Na6 14.Qc2 Nd4 15.Nxd4 cxd4
16.Nc5 Nxc5 17.Qxc5 Qxc5 18.Rxc5 Rb8 19.Rc7 a5 20.Rfc1 b6 21.Ra7 g6 22.f4 Kg7
23.Rc4 Rd8 24.Rcc7 Rf8 25.Kf2 Kf6 26.Bc6 e5 27.Bd5 exf4 28.gxf4 Be6 29.Bxe6 Kxe6
30.Re7+ Kf6 31.Red7 Rbc8 32.Rxd4 Rc2 33.Kf3 Rxb2 34.Rd6+ Kg7 35.Rb7 Rb3 36.Rdxb6 Rxa3
37.Ra6 Ra2 38.h4 a4 39.Raa7 Kg8 40.e4 Rd8 41.Rd7 Rxd7 42.Rxd7 a3 43.Ra7 Ra1
44.Ke3 a2 45.Kd4 Kg7 46.e5 Kh6 47.Kc3 Rc1+ 48.Kb2 Rd1 49.Kxa2 Rxd3 50.Rxf7 Kh5
51.Rxh7+ Kg4 52.Rf7 Kxh4 53.e6 Re3 54.e7 Kg4 55.Kb2 Kf3 56.Kc2 Ke2 57.Rh7 Ke1
58.Rf7 Ke2 59.Rg7 Ke1 60.Rxg6 Rxe7 61.Kd3 Kf2 62.f5 Kf3 63.f6 Rd7+ 64.Kc4 Ke4
65.Rg7 Rd8 66.f7  1/2-1/2

[Event "Voronezh Master Open"]
[Site "Voronezh RUS"]
[Date "2011.06.14"]
[Round "3.33"]
[White "Baraeva,I"]
[Black "Derbenev,A"]
[Result "0-1"]
[WhiteElo "2161"]
[BlackElo "2335"]

1.c4 e6 2.Nc3 c5 3.Nf3 Nf6 4.g3 d5 5.cxd5 exd5 6.d4 Nc6 7.Bg2 Be7 8.O-O O-O
9.dxc5 Bxc5 10.a3 Re8 11.Bg5 d4 12.Na4 Bf8 13.b4 a6 14.Qd3 h6 15.Bc1 b5 16.Nc5 Bxc5
17.bxc5 Be6 18.Nd2 Ne5 19.Qc2 Rc8 20.Bb2 Nc4 21.Nf3 d3 22.exd3 Nxb2 23.Qxb2 Rxc5
24.d4 Rc7 25.Rfe1 Bd5 26.Re5 Qa8 27.Nh4 Bxg2 28.Nxg2 Nd7 29.Rxe8+ Qxe8 30.Ne3 Nb6
31.d5 Qe4 32.Rd1 Rd7 33.Qc3 Qf3 34.Qc6 Re7 35.Qxb6 Rxe3 36.Qd4 Re4 37.Qd2 Re2
38.Qf4 Qxf4 39.gxf4 Kf8 40.Kg2 Re4 41.Kf3 Ra4 42.Rd3 Ke7 43.h4 h5 44.d6+ Kd7
45.Kg3 g6 46.f3 Rc4 47.f5 gxf5 48.Rd5 f4+ 49.Kf2 Rc2+ 50.Kf1 Ra2 51.Rxh5 Rxa3
52.Kf2 Ra2+ 53.Kg1 b4 54.Rf5 b3  0-1

[Event "Voronezh FIDE Open"]
[Site "Voronezh RUS"]
[Date "2011.06.15"]
[Round "4.10"]
[White "Kornilov,P"]
[Black "Manukovsky,V"]
[Result "1-0"]
[WhiteElo "2048"]
[BlackElo "2277"]

1.Nf3 c5 2.c4 Nf6 3.Nc3 d5 4.cxd5 Nxd5 5.Nxd5 Qxd5 6.g3 e5 7.d3 Be7 8.Bg2 O-O
9.O-O Nc6 10.Be3 Qd6 11.Rc1 Nd4 12.Nd2 Qa6 13.Nc4 f6 14.a3 Bg4 15.f3 Bd7
16.Bxd4 exd4 17.f4 Bc6 18.Bxc6 Qxc6 19.Qb3 Rf7 20.Nd2 Re8 21.f5 Bf8 22.Ne4 Re5
23.a4 a6 24.a5 h5 25.Qc4 Qd7 26.Rf4 Qd8 27.Qa2 Qd7 28.Rcf1 Be7 29.R1f2 Bd8
30.Nd2 Bc7 31.Re4 Rd5 32.Re6 Kf8 33.Ne4 Re7 34.Rxf6+ Rf7 35.Rxf7+ Kxf7 36.Nxc5 Qc6
37.Ne6 Bxa5 38.Nf4  1-0

[Event "Voronezh Master Open"]
[Site "Voronezh RUS"]
[Date "2011.06.19"]
[Round "7.18"]
[White "Leontiev,Alek"]
[Black "Kurukin,D"]
[Result "1-0"]
[WhiteElo "2315"]
[BlackElo "2409"]

1.c4 Nf6 2.Nc3 c5 3.Nf3 b6 4.d4 cxd4 5.Nxd4 Bb7 6.f3 d6 7.e4 Nbd7 8.Be3 a6
9.Be2 e6 10.O-O Be7 11.Qd2 O-O 12.Rfd1 Qc7 13.Bf1 Rfc8 14.Rac1 Qd8 15.Kh1 Rab8
16.b3 Qe8 17.Qb2 Ba8 18.Nc2 h6 19.Rd2 Ne5 20.Nb4 Bb7 21.a3 Nfd7 22.Na4 Qf8
23.Rcd1 f5 24.h3 fxe4 25.f4 Ng6 26.Be2 Nh4 27.Bg4 Nf5 28.Bxf5 Qxf5 29.Rxd6 Bxd6
30.Rxd6 Nc5 31.Nxb6 Rd8 32.Qd4 Qf6 33.Qxc5 Rxd6 34.Qxd6 Rd8 35.Qe5 Qg6 36.Kh2 a5
37.Qc7 Rd1 38.Qxb7 axb4 39.Qc8+ Kh7 40.Nd7 Qf7 41.Nf8+ Kg8 42.Nxe6+ Kh7 43.Nf8+ Kg8
44.Ng6+ Kh7 45.f5  1-0

[Event "Voronezh Master Open"]
[Site "Voronezh RUS"]
[Date "2011.06.20"]
[Round "8.27"]
[White "Vakhlamov,I"]
[Black "Shefer,A"]
[Result "1-0"]
[WhiteElo "2315"]
[BlackElo "2178"]

1.c4 c5 2.Nf3 Nf6 3.Nc3 b6 4.g3 Bb7 5.Bg2 e6 6.O-O Be7 7.d4 cxd4 8.Qxd4 d6
9.Rd1 a6 10.Bg5 Nbd7 11.Qd2 O-O 12.Bf4 Ne8 13.Rac1 Rc8 14.b3 Qc7 15.Qe3 Qb8
16.Bh3 Rd8 17.Nd5 Bxd5 18.cxd5 e5 19.Bg5 Bxg5 20.Nxg5 a5 21.Ne6 Nef6 22.Nxf8 Rxf8
23.a3 b5 24.Bxd7 Nxd7 25.b4 axb4 26.axb4 Nb6 27.Rc6 Nc4 28.Qg5 Qa7 29.Qf5 Qa4
30.Rb1 Nd2 31.Rbc1 Qxb4 32.Rc8 g6 33.Qf6 Nc4 34.Rxf8+ Kxf8 35.Ra1 Na3 36.h4 Kg8
37.Qf3 Nc4 38.Qf6 Na3 39.h5 gxh5 40.Qf3 Nc4 41.Ra8+ Kg7 42.Qf5 Qe1+ 43.Kh2 Qd2
44.Ra7 Qxd5 45.e4  1-0

[Event "Voronezh Master Open"]
[Site "Voronezh RUS"]
[Date "2011.06.21"]
[Round "9.21"]
[White "Vakhlamov,I"]
[Black "Gusarov,G"]
[Result "1-0"]
[WhiteElo "2315"]
[BlackElo "2381"]

1.c4 c5 2.Nf3 Nf6 3.Nc3 g6 4.d4 cxd4 5.Nxd4 Bg7 6.e4 d6 7.Be2 O-O 8.O-O Nc6
9.Be3 Nxd4 10.Bxd4 Be6 11.Qd2 Qa5 12.Rfd1 Rfc8 13.b3 a6 14.f3 Nd7 15.Bxg7 Kxg7
16.f4 Qc5+ 17.Kh1 Nf6 18.Bf3 Bg4 19.e5 dxe5 20.fxe5 Qxe5 21.Re1 Rd8 22.Qb2 Qd4
23.Rad1 Qc5 24.Bxg4 Nxg4 25.Na4+ Qe5 26.Rxe5 Rxd1+ 27.Re1+  1-0

[Event "Mukachevo Summer"]
[Site "Mukachevo UKR"]
[Date "2011.06.22"]
[Round "2"]
[White "Bylino,O"]
[Black "Luzhinsky,V"]
[Result "0-1"]
[WhiteElo "2078"]
[BlackElo "2362"]

1.Nf3 c5 2.c4 Nf6 3.Nc3 b6 4.e4 d6 5.g3 Bb7 6.d3 g6 7.Bg2 Bg7 8.O-O O-O 9.Nh4 Nc6
10.Be3 a6 11.Rb1 Rb8 12.f4 Nd4 13.f5 b5 14.cxb5 Nxb5 15.Nxb5 axb5 16.fxg6 hxg6
17.b4 c4 18.dxc4 Nxe4 19.Qc2 Nf6 20.Bxb7 Rxb7 21.Kh1 Qa8 22.Nf3 Rfb8 23.c5 Ra7
24.Qd3 Rxa2 25.Qxb5 Nd5 26.Rb3 Nc3 27.Qd3 Ra1 28.Kg2 Rxf1 29.Qxf1 Qa2+ 30.Nd2 dxc5
31.bxc5 Rd8 32.Qf2 Nd1  0-1

[Event "25th Open Pula"]
[Site "Pula CRO"]
[Date "2011.06.24"]
[Round "8.11"]
[White "Kovacevic,Bl"]
[Black "Maleki,Ma"]
[Result "1-0"]
[WhiteElo "2474"]
[BlackElo "2261"]

1.c4 Nf6 2.Nf3 c5 3.Nc3 b6 4.d4 cxd4 5.Nxd4 Bb7 6.f3 d6 7.e4 a6 8.Be3 e6
9.Be2 Nbd7 10.O-O Be7 11.Qd2 O-O 12.a4 Re8 13.Rfd1 Bf8 14.Nb3 d5 15.exd5 exd5
16.Bf2 dxc4 17.Bxc4 Qc7 18.Bf1 Rad8 19.Qc2 Bd6 20.h3 Bh2+ 21.Kh1 Bg3 22.Rac1 Bxf2
23.Qxf2 Qe5 24.Rd4 Nc5 25.Rxd8 Rxd8 26.Re1 Qg5 27.Nxc5 bxc5 28.Re7 Nd7 29.Re3 Nf8
30.Bc4 Qf4 31.b3 Ne6 32.Qe1 Bc8 33.Re5 Kf8 34.Nd5 Qd4 35.Re4 Qb2 36.Re2 Qd4
37.Rd2 Rxd5 38.Rxd4 Rxd4 39.Qe5 Rd8 40.Bxe6 Bxe6 41.Qxc5+ Kg8 42.b4 g6 43.b5 axb5
44.axb5 Bc8 45.Kh2 h5 46.Qe7 Rf8 47.b6 Kg7 48.Kg3 Ba6 49.h4 Kg8 50.Qa7 Bc8
51.b7 Bxb7 52.Qxb7 Re8 53.Kf4 Re6 54.Qb2 Kh7 55.Kg5 Re8 56.Qf6  1-0

[Event "64th ch-RUS HL"]
[Site "Taganrog RUS"]
[Date "2011.06.25"]
[Round "10"]
[White "Galkin,A"]
[Black "Savchenko,B"]
[Result "1-0"]
[WhiteElo "2598"]
[BlackElo "2630"]

1.Nf3 Nf6 2.c4 e6 3.Nc3 c5 4.e3 Nc6 5.d4 d5 6.cxd5 exd5 7.Be2 Be6 8.O-O c4
9.Ne5 Bb4 10.Bd2 O-O 11.Nxc6 bxc6 12.b3 c5 13.a3 Ba5 14.dxc5 cxb3 15.Be1 Ne4
16.Qd4 Rc8 17.Ba6 Rb8 18.Rb1 Qc7 19.Nxe4 dxe4 20.Bc4 Bxc4 21.Qxc4 Bxe1 22.Rfxe1 b2
23.Re2 Rfd8 24.g3 Qe5 25.Rc2 g6 26.c6 Rb6 27.Qa4 Rc8 28.Qxa7 Qb5 29.Rcxb2 Qxb2
30.Rxb2 Rxb2 31.Qd7 Rf8 32.c7 Rc2 33.a4 Rc4 34.a5 Kg7 35.Qd8 Rc6 36.h4 Rc1+
37.Kg2 Rc6 38.g4 h5 39.g5 f6 40.Qd7+  1-0

[Event "64th ch-RUS HL"]
[Site "Taganrog RUS"]
[Date "2011.06.26"]
[Round "11"]
[White "Goganov,A"]
[Black "Ponkratov,P"]
[Result "1/2-1/2"]
[WhiteElo "2480"]
[BlackElo "2582"]

1.c4 Nf6 2.Nf3 c5 3.Nc3 e6 4.g3 b6 5.Bg2 Bb7 6.O-O Be7 7.Re1 d6 8.e4 Qc7
9.d4 cxd4 10.Nxd4 a6 11.Be3 Nbd7 12.Rc1 O-O 13.f4 Rfe8 14.g4 h6 15.g5 hxg5
16.fxg5 Nh7 17.g6 Nhf8 18.gxf7+ Kxf7 19.Nce2 Nc5 20.Ng3 Bf6 21.b4 Ncd7 22.Nh5 Be5
23.Nf3 Kg8 24.Ng5 g6 25.Nf4 Bf6 26.Qg4 Ne5 27.Qg3 Qe7 28.h4 Rac8 29.Bxb6 Rxc4
30.Rxc4 Nxc4 31.Bf2 Ne5 32.Nf3 Qg7 33.Ng5 Qe7 34.Rc1 Rc8 35.Rxc8 Bxc8 36.Nd3 Nxd3
37.Qxd3 Bb7 38.Nf3 e5 39.Qc4+ Kg7 40.Bh3 Qd8 41.Bg4 d5 42.Qc5 dxe4 43.Nxe5 Kg8
44.h5 gxh5 45.Bxh5 Bd5 46.Ng4 Bg7 47.Qe3 Qd6 48.a3 Nh7 49.Qc5 Qd8 50.Ne3 Be6
51.Qc6 Qg5+ 52.Ng2 Nf8 53.Be2 Bd5 54.Qc5 Ne6 55.Qc8+ Kh7 56.Be3 Bd4 57.Bxd4 Nxd4
58.Qc7+ Kg6 59.Qd6+ Ne6 60.Kf2 Qf6+  1/2-1/2

[Event "II Royal Residence Cup"]
[Site "Zhovkva UKR"]
[Date "2011.06.27"]
[Round "1"]
[White "Semcesen,D"]
[Black "Johansson,An"]
[Result "1-0"]
[WhiteElo "2472"]
[BlackElo "2089"]

1.Nf3 c5 2.c4 Nf6 3.Nc3 d5 4.cxd5 Nxd5 5.g3 Nc6 6.Bg2 Nc7 7.O-O e5 8.Ne1 h5
9.Nd3 h4 10.Qa4 Qd6 11.Bxc6+ bxc6 12.Qe4 hxg3 13.fxg3 Qd4+ 14.Rf2 f6 15.b3 Ba6
16.Qxc6+ Kd8 17.Qe4 Qxe4 18.Nxe4 Bxd3 19.exd3 Nb5 20.Bb2 Kd7 21.Rc1 Rc8 22.Rc4 Bd6
23.Rf1 Rc7 24.Kg2 Rhc8 25.g4 Ke6 26.h3 Be7 27.Rfc1 Bd6 28.Kf3 Be7 29.a4 Nd4+
30.Bxd4 exd4 31.b4 Kd5 32.h4 Bf8 33.h5 Be7 34.Kf4 a6 35.Kf5 Rc6 36.Nxc5 a5
37.Nb3  1-0

[Event "6th Dvorkovich Cup"]
[Site "Moscow RUS"]
[Date "2011.06.28"]
[Round "5.10"]
[White "Igambergenov,A"]
[Black "Bortnik,N"]
[Result "0-1"]
[WhiteElo "2255"]
[BlackElo "2302"]

1.c4 Nf6 2.Nc3 c5 3.Nf3 e6 4.g3 b6 5.Bg2 Bb7 6.O-O Be7 7.Re1 O-O 8.e4 d6
9.d4 cxd4 10.Nxd4 Qc8 11.Be3 Nc6 12.Rc1 Qd7 13.h3 Rac8 14.b3 Rfd8 15.Qe2 Bf8
16.Red1 Ne5 17.f4 Ng6 18.Ndb5 Bc6 19.e5 Ne8 20.exd6 Nxd6 21.Rc2 Bxg2 22.Qxg2 Qe7
23.Nxd6 Rxd6 24.Rxd6 Qxd6 25.Rd2 Qb4 26.Nb5 a6 27.Na7 Rc7 28.Nc6 Qc3 29.Kf2 h5
30.Nd4 Bc5 31.Qa8+ Kh7 32.Qd8 Re7 33.Re2 e5 34.Nc6 exf4 35.Nxe7 fxe3+ 36.Kg2 Bxe7
37.Qd5 h4 38.Qe4 Bg5 39.gxh4 Bxh4 40.Rxe3 Qd2+ 41.Re2 Qxe2+  0-1

[Event "Kheireddine Ameyar Memorial"]
[Site "Tipaza ALG"]
[Date "2011.06.29"]
[Round "8"]
[White "Savchenko,S"]
[Black "Bellahcene,B"]
[Result "1/2-1/2"]
[WhiteElo "2508"]
[BlackElo "2231"]

1.Nf3 Nf6 2.c4 e6 3.Nc3 c5 4.g3 b6 5.Bg2 Bb7 6.O-O Be7 7.d4 cxd4 8.Qxd4 Nc6
9.Qf4 O-O 10.Re1 d6 11.b3 Qb8 12.Ba3 d5 13.Qxb8 Raxb8 14.Bxe7 Nxe7 15.Ne5 Rfd8
16.cxd5 Nexd5 17.Nxd5 Nxd5 18.Rac1 Rbc8 19.e4 Nf6 20.Red1 Rxd1+ 21.Rxd1 Ne8
22.Bf1 Kf8 23.Bb5 Nd6  1/2-1/2

[Event "ch-Commonwealth RSA-Open"]
[Site "Ekurhuleni RSA"]
[Date "2011.06.30"]
[Round "8"]
[White "Laxman,R"]
[Black "Modi,J"]
[Result "1-0"]
[WhiteElo "2446"]
[BlackElo "1790"]

1.Nf3 c5 2.c4 Nf6 3.Nc3 g6 4.d4 cxd4 5.Nxd4 Bg7 6.e4 d6 7.Be2 O-O 8.O-O Nc6
9.Be3 Bd7 10.Rc1 Nxd4 11.Bxd4 Bc6 12.f3 Nd7 13.Be3 a5 14.b3 Nc5 15.Qd2 b6
16.Kh1 Qd7 17.Rfd1 Qb7 18.Bh6 Bxh6 19.Qxh6 f5 20.exf5 Rxf5 21.Nd5 Re8 22.Qe3 b5
23.Nc3 Re5 24.Qd2 b4 25.Nb5 Ne6 26.Re1 Qb6 27.Bd3 Qc5 28.Rxe5 Qxe5 29.Re1 Qf6
30.Be4 Bxb5 31.cxb5 Qd4 32.Qc1 Nc5 33.Rd1 Qe5 34.Bc6 Rf8 35.Re1 Qf6 36.h3 Kg7
37.Qe3 e6 38.Rd1 Rd8 39.Rd4 Qf5 40.Kh2 Qf6 41.Qd2 Qe7 42.Rc4 Kg8 43.Qe3 Qf6
44.h4 Kg7 45.Rg4 h5 46.Rf4 Qe7 47.Rc4 Qf6 48.Qg5 Rb8 49.Qg3 Rd8 50.b6 Qe7
51.Be4 Qf7 52.Rxc5 dxc5 53.b7 Qe8 54.Bxg6 Qxg6 55.Qc7+ Qf7 56.Qxd8 Qxb7 57.Qg5+ Kf8
58.Qxc5+ Kg8 59.Qg5+ Kf8 60.Qf6+ Qf7 61.Qxf7+ Kxf7 62.g4 Kg6 63.Kg3 e5 64.Kf2 Kf6
65.Ke1  1-0

[Event "TCh-TUR 2011"]
[Site "Konya TUR"]
[Date "2011.07.01"]
[Round "4"]
[White "Yilmazyerli,M"]
[Black "Bolat,A"]
[Result "1/2-1/2"]
[WhiteElo "2318"]
[BlackElo "2074"]

1.Nf3 Nf6 2.c4 c5 3.Nc3 d5 4.cxd5 Nxd5 5.g3 Nc6 6.Bg2 Nc7 7.O-O e5 8.a3 Be7
9.b4 f6 10.bxc5 Bxc5 11.Qb3 Bb6 12.Bb2 Be6 13.Qc2 Rc8 14.Na4 Nd5 15.Nxb6 Qxb6
16.Rab1 Qa6 17.Qe4 Nde7 18.d4 Bf5 19.Qe3 Bxb1 20.dxe5 Bg6 21.exf6 gxf6 22.Bxf6 Rf8
23.Bh4 Qb6 24.Nd4  1/2-1/2

[Event "TCh-TUR 2011"]
[Site "Konya TUR"]
[Date "2011.07.02"]
[Round "5"]
[White "Eljanov,P"]
[Black "Kasimdzhanov,R"]
[Result "1/2-1/2"]
[WhiteElo "2712"]
[BlackElo "2685"]

1.c4 Nf6 2.Nf3 c5 3.Nc3 e6 4.g3 b6 5.Bg2 Bb7 6.O-O Be7 7.b3 d5 8.cxd5 Nxd5
9.Nxd5 Bxd5 10.Bb2 O-O 11.Rc1 Na6 12.Qc2 Rc8 13.Bc3 Nc7 14.a4 Ba8 15.Qb2 f6
16.d4 Nd5 17.Bd2 f5 18.dxc5 bxc5 19.Bc3 Nxc3 20.Qxc3 Bf6 21.Qe3 Qe7 22.Ne5 Bd5
23.Nc4 Bg5 24.f4 Bf6 25.Ne5 Bxe5 26.fxe5 Rfd8 27.Bf3  1/2-1/2

[Event "II Royal Residence Cup"]
[Site "Zhovkva UKR"]
[Date "2011.07.02"]
[Round "8"]
[White "Johansson,An"]
[Black "Gavrish,L"]
[Result "0-1"]
[WhiteElo "2089"]
[BlackElo "2127"]

1.Nf3 Nf6 2.c4 c5 3.Nc3 g6 4.g3 Bg7 5.Bg2 O-O 6.d4 cxd4 7.Nxd4 Nc6 8.O-O Ng4
9.e3 d6 10.Nde2 Nge5 11.b3 Bg4 12.f3 Bd7 13.Bd2 a6 14.a4 Rb8 15.f4 Nd3 16.Qb1 Ncb4
17.Nd4 e5 18.Nc2 exf4 19.Nxb4 Nxb4 20.exf4 Qb6+ 21.Kh1 Rfe8 22.f5 Bxf5 23.Rxf5 gxf5
24.Qxf5 Qd4 25.Rf1 Qxd2 26.Ne4 Qh6 27.Qxf7+ Kh8  0-1

[Event "1st ch-CHN Rapid Prelim"]
[Site "Hefei CHN"]
[Date "2011.07.03"]
[Round "1"]
[White "Mu Ke"]
[Black "Li Chao2"]
[Result "0-1"]
[WhiteElo "2290"]
[BlackElo "2669"]

1.Nf3 Nf6 2.c4 c5 3.Nc3 d5 4.cxd5 Nxd5 5.g3 g6 6.Bg2 Nxc3 7.bxc3 Bg7 8.O-O O-O
9.d4 Nc6 10.Be3 Be6 11.dxc5 Bxc3 12.Rb1 Bxa2 13.Rxb7 Qc8 14.Qd7 Rd8 15.Qxc8 Raxc8
16.Rc1 Bf6 17.h4 a5 18.Bh3 Ra8 19.Rb6 Bd5 20.Ne1 a4 21.Bg2 Bxg2 22.Kxg2 Nd4
23.Bxd4 Bxd4 24.e3 Bf6 25.Nc2 a3 26.Nd4 Kg7 27.c6 a2 28.c7 Rdc8 29.Nb3 Bb2
30.Rc2 Be5 31.f4 Rxc7 32.Rxc7 Bxc7 33.Rc6 Bd6 34.Na1 f5 35.Kf3 Ra3 36.Ke2 Bb4  0-1

[Event "6th Dvorkovich Cup"]
[Site "Moscow RUS"]
[Date "2011.07.03"]
[Round "13.2"]
[White "Grib,R"]
[Black "Bortnik,N"]
[Result "0-1"]
[WhiteElo "2283"]
[BlackElo "2302"]

1.c4 Nf6 2.Nc3 c5 3.Nf3 g6 4.d4 cxd4 5.Nxd4 Bg7 6.e4 O-O 7.Be2 Nc6 8.Be3 d6
9.O-O Bd7 10.Rc1 Nxd4 11.Bxd4 Qa5 12.a3 Rfc8 13.Bxf6 Bxf6 14.Nd5 Kg7 15.Nxf6 Kxf6
16.c5 Qc7 17.Qd4+ e5 18.Qxd6+ Qxd6 19.cxd6 Rc6 20.Rxc6 Bxc6 21.f4 Rd8 22.fxe5+ Kxe5
23.Rxf7 Rxd6 24.Rxh7 Rd2 25.Bf3 Rxb2 26.h4 Ra2 27.Rh6 Be8 28.Rh8 Bf7 29.Rb8 Rxa3
30.Rxb7 Bc4 31.Rc7 Bd3 32.Rc5+ Kf4 33.e5 Kg3 34.Rc1 Bf5 35.Re1 Rc3 36.Bd5 Rd3
37.Bc4 Rd2 38.Bf1 Be6 39.Ra1 Rd7 40.Ra6 Bf5 41.e6 Re7 42.Bc4 Rc7 43.Ra3+ Kxh4
44.Bd5 Kg5 45.Kf2 Kf4 46.Ra4+ Ke5 47.Bb3 Rb7 48.Ra5+ Kd4 49.Bd5 Rc7 50.Kg1 Ke5
51.Bb3+ Kf4 52.Kf2 Rb7 53.Ra4+ Ke5 54.Ra5+ Kd6 55.Bd5 Rb2+ 56.Kg3 Rc2 57.e7 Re2
58.Bb7 Rxe7 59.Rxa7 Kc5 60.Kf4 Kb6 61.Ra4 Kxb7 62.g4 Bc2 63.Rc4 Rc7 64.Rd4 Rc6
65.Ke5 Kb6 66.Rd8 Rc4 67.Rd6+ Kc7 68.Rd2 Kc6 69.Kf6 Kc5 70.Rf2 Bd3 71.g5 Bf5
72.Re2 Kd4 73.Re7 Kd3 74.Re5  0-1

[Event "ch-NOR"]
[Site "Oslo NOR"]
[Date "2011.07.03"]
[Round "2"]
[White "Hole,O"]
[Black "Gabrielsen,S"]
[Result "1/2-1/2"]
[WhiteElo "2383"]
[BlackElo "2297"]

1.Nf3 Nf6 2.c4 c5 3.Nc3 e6 4.g3 b6 5.Bg2 Bb7 6.O-O Be7 7.Re1 d6 8.e4 a6 9.d4 cxd4
10.Nxd4 Qc7 11.Be3 Nbd7 12.Rc1 O-O 13.f4 Rfe8 14.g4 Nc5 15.Bf2 g6 16.b4 Rad8
17.Bf3 h6 18.Bg3 Nh7 19.f5 e5 20.bxc5 exd4 21.cxb6 Qxb6 22.Nd5 Bxd5 23.cxd5 Rc8
24.Bf2 Bf6 25.Qd3 Be5 26.Qd2 g5 27.Rb1 Qc5 28.Red1 Qa3 29.Rb3 Qa4 30.Rb4 Qa3
31.Rb3 Qa4 32.Rb4 Qa3  1/2-1/2

[Event "1st ch-CHN Rapid Prelim"]
[Site "Hefei CHN"]
[Date "2011.07.04"]
[Round "4"]
[White "Zhao Jun"]
[Black "Yu Yangyi"]
[Result "1/2-1/2"]
[WhiteElo "2588"]
[BlackElo "2672"]

1.c4 e6 2.Nc3 c5 3.Nf3 Nf6 4.g3 b6 5.Bg2 Bb7 6.O-O Be7 7.d4 cxd4 8.Qxd4 d6
9.Rd1 a6 10.b3 Nbd7 11.Bb2 O-O 12.Rac1 Qc7 13.Ne1 Rfd8 14.h3 Rac8 15.Kh2 Bxg2
16.Nxg2 Qb7 17.f3 Bf8 18.Ba3 Ne5 19.f4 Ned7 20.e4 Nc5 21.Bxc5 Rxc5 22.a4 Rcc8
23.Ne3 Nd7 24.Rb1 g6 25.Ng4 Bg7 26.Qe3 Nc5 27.e5 dxe5 28.fxe5 Qc7 29.Nf6+ Kh8
30.Ne2 Nd7 31.Nxd7 Rxd7 32.Rxd7 Qxd7 33.Nd4 Rd8 34.Nf3 Kg8 35.Re1 Qc6 36.Re2 Qc7
37.Kg2 Rd7 38.Rd2 Rxd2+ 39.Qxd2 Bxe5 40.Nxe5 Qxe5 41.Qd8+ Kg7 42.Qxb6 Qe2+
43.Qf2 Qe4+ 44.Kh2 e5 45.c5 Qc6 46.Qe3 Kf6 47.Qc3 h5 48.Kg1 Ke6 49.Qc4+ Ke7
50.Kf2 f5  1/2-1/2

[Event "5th Varna Open"]
[Site "Golden Sands BUL"]
[Date "2011.07.05"]
[Round "4"]
[White "Musaev,E"]
[Black "Arnaudov,G"]
[Result "1/2-1/2"]
[WhiteElo "2120"]
[BlackElo "2439"]

1.c4 Nf6 2.Nf3 e6 3.Nc3 c5 4.g3 b6 5.Bg2 Bb7 6.O-O Be7 7.b3 d6 8.d4 cxd4
9.Qxd4 Nbd7 10.Ba3 Nc5 11.Rad1 a6 12.Ng5 Bxg2  1/2-1/2

[Event "1st ch-CHN Rapid Men Prelim"]
[Site "Hefei CHN"]
[Date "2011.07.05"]
[Round "7.7"]
[White "Xiu Deshun"]
[Black "Ma,Zhonghan"]
[Result "1-0"]
[WhiteElo "2519"]
[BlackElo "2378"]

1.Nf3 Nf6 2.c4 c5 3.Nc3 e6 4.g3 b6 5.Bg2 Bb7 6.O-O Be7 7.d4 cxd4 8.Qxd4 d6
9.b3 Nbd7 10.Rd1 a6 11.Bb2 O-O 12.Rac1 Rc8 13.e4 Qc7 14.h3 Qb8 15.Qe3 Qa8
16.Nd4 Rfe8 17.Re1 Bf8 18.Qe2 Rcd8 19.Rcd1 Ne5 20.f4 Ng6 21.Nc2 h6 22.Kh2 Qb8
23.a4 h5 24.e5 dxe5 25.fxe5 Bxg2 26.Kxg2 Nd7 27.Qxh5 Ndxe5 28.Rxd8 Rxd8 29.Ne4 f6
30.Re2 Qb7 31.Kh2 Rd3 32.Nd4 Bc5 33.Nxe6 Nf3+ 34.Kg2 Nfe5 35.Bxe5 Nxe5 36.Qe8+ Kh7
37.Qh5+ Kg8 38.Qe8+ Kh7 39.Ng5+ fxg5 40.Qxe5 Rxb3 41.Qxg5 Ra3 42.Kh2 Qf7
43.Qh4+ Kg8 44.Qd8+ Qf8 45.Qd5+ Qf7 46.Ng5 Qxd5 47.Re8+ Bf8 48.cxd5 Ra2+
49.Kg1 Rxa4 50.Ne6 Kf7 51.Rxf8+ Ke7 52.Rb8 Rb4 53.Nxg7 Kd6 54.Ne8+ Kxd5 55.h4 a5
56.h5 Rb1+ 57.Kg2 Rb2+ 58.Kh3 Rb1 59.Kg4 a4 60.h6 a3 61.Ra8 Rh1 62.Kg5 Ke5  1-0

[Event "1st ch-CHN Rapid Men Prelim"]
[Site "Hefei CHN"]
[Date "2011.07.05"]
[Round "7.4"]
[White "Zhao Jun"]
[Black "Li Chao2"]
[Result "0-1"]
[WhiteElo "2588"]
[BlackElo "2669"]

1.Nf3 Nf6 2.c4 c5 3.Nc3 d5 4.cxd5 Nxd5 5.g3 g6 6.Bg2 Nxc3 7.bxc3 Bg7 8.h4 h5
9.O-O O-O 10.Rb1 Qa5 11.Qc2 Nc6 12.a4 b6 13.Ng5 Bf5 14.d3 Rac8 15.Bd2 c4
16.Rb5 Qa6 17.Rxf5 cxd3 18.exd3 Nd4 19.Qa2 Nxf5 20.Bd5 Nd6 21.Bf4 e5 22.Bc1 Qxd3
23.Ba3 Nc4 24.Be4 Qd2 25.Qxd2 Nxd2 26.Bxf8 Kxf8 27.Rd1 Nxe4 28.Nxe4 Ke7 29.a5 f5
30.Ng5 Rxc3 31.axb6 axb6 32.Ra1 Rc7 33.Ra6 Rb7 34.Kf1 Bf6 35.Nf3 e4 36.Nd2 Kd6
37.Ke2 Bc3 38.Nc4+ Kc5 39.Ne3 Rd7 40.Ra8 Rd2+ 41.Kf1 Bd4 42.Rc8+ Kb5  0-1

[Event "9th Niki Open"]
[Site "Nachod CZE"]
[Date "2011.07.05"]
[Round "4.2"]
[White "Koziak,V"]
[Black "Sergienko,S"]
[Result "1-0"]
[WhiteElo "2484"]
[BlackElo "2411"]

1.Nf3 Nf6 2.c4 c5 3.Nc3 d5 4.cxd5 Nxd5 5.d4 Nxc3 6.bxc3 g6 7.e4 Bg7 8.Rb1 O-O
9.Be2 Nd7 10.O-O Nf6 11.Qd3 b6 12.Be3 cxd4 13.cxd4 Nxe4 14.Qxe4 Bf5 15.Qb7 Bxb1
16.Rxb1 Qc8 17.Qe4 e6 18.h4 h6 19.Ne5 Qd8 20.h5 g5 21.Bc4 Qd6 22.g4 Rae8
23.Kg2 Re7 24.f4 Rc7 25.fxg5 hxg5 26.h6 Bxh6 27.Rh1 Kg7 28.Bxg5 Rh8 29.Qf4  1-0

[Event "ch-BEL"]
[Site "Antwerp BEL"]
[Date "2011.07.06"]
[Round "5.2"]
[White "Hovhanisian,M"]
[Black "Michiels,B"]
[Result "1/2-1/2"]
[WhiteElo "2479"]
[BlackElo "2489"]

1.c4 c5 2.Nc3 Nf6 3.Nf3 b6 4.e4 d6 5.d4 cxd4 6.Nxd4 Bb7 7.f3 e6 8.Be3 Be7
9.Be2 a6 10.O-O O-O 11.Qd2 Qc7 12.Rfc1 Nbd7 13.a4 Qb8 14.a5 bxa5 15.Rxa5 Bd8
16.Ra3 Bc7 17.Kh1 Re8 18.Rca1 d5 19.cxd5 exd5 20.Nxd5 Bxd5 21.exd5 Bxh2 22.Nf5 Qe5
23.d6 Qxf5 24.Kxh2 Nd5 25.Qd4 Re6 26.g4 Qc2 27.Qxd5 Qxe2+ 28.Kg3 Rae8 29.Bf2 Nf6
30.Qd4 h5 31.Re1 Qb5 32.Rxe6 Rxe6 33.Rd3 Qd7 34.Qa7 Rxd6 35.Qb8+ Ne8 36.Rxd6 Qxd6+
37.Qxd6 Nxd6 38.gxh5 Nc4 39.Bd4 g6 40.hxg6 fxg6 41.Kf4 Kf7 42.Bc3 Ke6 43.Ke4 Nb6
44.b4 Nd7 45.Bg7 Kd6 46.Kf4 Ke6 47.Bc3 Kd5 48.Kg5 Ne5  1/2-1/2

[Event "ch-BEL Open"]
[Site "Antwerp BEL"]
[Date "2011.07.07"]
[Round "6.3"]
[White "Vanderwaeren,S"]
[Black "Rooze,J"]
[Result "1/2-1/2"]
[WhiteElo "2161"]
[BlackElo "2363"]

1.Nf3 Nf6 2.c4 c5 3.Nc3 e6 4.d4 cxd4 5.Nxd4 a6 6.g3 Qc7 7.Qd3 Nc6 8.Nxc6 Qxc6
9.e4 b6 10.Bg2 Bb7 11.O-O d6 12.b3 Be7 13.Bb2 O-O 14.Rfe1 Rab8 15.Qe2 Rfe8
16.Rac1 Ba8 17.a4 Nd7 18.Nb1 Nc5 19.Nd2 Qd7 20.Qg4 Bf8 21.Bf1 Bc6 22.Bd4 Qb7
23.Ra1 a5 24.Re3 g6 25.Qh4 e5 26.Bxc5 dxc5 27.Nb1 Be7 28.Qg4 h5 29.Qf3 Bg5
30.Re2 f5 31.Nc3 fxe4 32.Nxe4 Rf8 33.Qd3 Rbd8 34.Qc2 Bxe4 35.Qxe4 Qxe4 36.Rxe4 Bd2
37.Rd1 Bc3 38.Rxd8 Rxd8 39.Re3 Bd4 40.Re2 Ba1 41.Re1 Bd4 42.h4 Rf8 43.Re2 Rf3
44.Kg2 Rxb3 45.f4 exf4 46.gxf4 Be3 47.Kf3 Bd4+ 48.Ke4 Bf6 49.Rh2 Kf7 50.Bd3 Ra3
51.Bc2 Ke6 52.Rg2 Bxh4 53.Rxg6+ Bf6 54.Rh6 h4 55.Bd1 Ra1 56.Bg4+ Kf7 57.Kf5 Bd8
58.Rh7+ Ke8 59.Bh5+ Kf8 60.Rf7+ Ke8 61.Rb7+ Kf8 62.Rf7+ Ke8 63.Rb7+ Kf8  1/2-1/2

[Event "111th ch-SUI"]
[Site "Leukerbad SUI"]
[Date "2011.07.08"]
[Round "2"]
[White "Sher,M"]
[Black "Bagri,J"]
[Result "1/2-1/2"]
[WhiteElo "2421"]
[BlackElo "2200"]

1.c4 Nf6 2.Nc3 e6 3.Nf3 c5 4.g3 b6 5.Bg2 Bb7 6.O-O Be7 7.b3 O-O 8.d4 cxd4
9.Qxd4 a6 10.Rd1 d6 11.Ba3 Ne8 12.e4 Qc7 13.Rac1 Nd7 14.Qe3 Nef6 15.h3 Rfe8
16.Rc2 Rac8 17.Nd4 Bf8 18.Bb2 Qb8 19.Re2 Ba8 20.g4 Ne5 21.Red2 Ng6 22.Qg3  1/2-1/2

[Event "118th ch-SCO"]
[Site "Edinburgh SCO"]
[Date "2011.07.09"]
[Round "1"]
[White "Campbell,E"]
[Black "Grant,J"]
[Result "1-0"]
[WhiteElo "1876"]
[BlackElo "2204"]

1.Nf3 Nf6 2.c4 c5 3.Nc3 e6 4.g3 b6 5.Bg2 Bb7 6.O-O Be7 7.Re1 d6 8.e4 Nbd7
9.d4 cxd4 10.Nxd4 Qc7 11.Ndb5 Qb8 12.f4 O-O 13.e5 dxe5 14.fxe5 Bc5+ 15.Be3 Bxg2
16.exf6 Qb7 17.Bxc5 bxc5 18.fxg7 Rfd8 19.Nd6 Qc6 20.Nce4 Bxe4 21.Nxe4 Kxg7
22.Qg4+ Kh8 23.Ng5 Rf8 24.Qh4 Kg7 25.Qxh7+ Kf6 26.Rf1+ Ke7 27.Rxf7+ Rxf7
28.Qxf7+ Kd8 29.Nxe6+ Kc8 30.Rd1 Rb8 31.Qe8+ Kb7 32.Rxd7+ Ka6 33.Rxa7+ Kb6  1-0

[Event "St Pauli Open"]
[Site "Hamburg GER"]
[Date "2011.07.09"]
[Round "1.1"]
[White "Rogozenco,D"]
[Black "Neiss,JM"]
[Result "1-0"]
[WhiteElo "2557"]
[BlackElo "2076"]

1.c4 c5 2.Nf3 Nf6 3.Nc3 b6 4.e4 d6 5.d4 cxd4 6.Nxd4 Bb7 7.f3 g6 8.Be2 Bg7
9.O-O O-O 10.Bg5 Nbd7 11.Qd2 Rc8 12.Rac1 a6 13.Kh1 Ne5 14.b3 Qd7 15.Rfd1 Rfd8
16.a4 Nc6 17.Nc2 Na5 18.Rb1 e6 19.Bf1 Qc7 20.Qf4 Qe7 21.Re1 Rd7 22.Qh4 Ba8
23.Ne3 h6 24.Bxh6 Bxh6 25.Qxh6 Rc5 26.Nc2 Rh5 27.Qe3 Qd8 28.Ne2 Nc6 29.Ng3 Rh8
30.h3 Bb7 31.Rbd1 Nh5 32.Nxh5 Rxh5 33.Rd2 Qc7 34.Red1 Kg7 35.Qc3+ e5 36.b4 Nd8
37.g4 Rh7 38.Rxd6 Rxd6 39.Qxe5+  1-0